|
|
|
|
| LEADER |
00000nam a2200000 a 4500 |
| 001 |
vtls001484421 |
| 003 |
SK-MaSNL |
| 005 |
20260301122311.0 |
| 008 |
251124s2004 sz g t 00000 eng |
| 020 |
|
|
|a 9221153665
|q (brož.)
|
| 035 |
|
|
|a SNK000439715
|
| 040 |
|
|
|a SNK
|b slo
|c SNK
|e AACR2
|
| 041 |
0 |
|
|a eng
|
| 044 |
|
|
|a sz
|c CH
|
| 072 |
|
7 |
|a 331
|x Práca
|2 konspekt
|
| 080 |
|
|
|a 331.45
|2 2001
|
| 080 |
|
|
|a 613.6
|2 2001
|
| 080 |
|
|
|a (047)
|2 2001
|
| 245 |
0 |
0 |
|a Promotional framework for occupational safety and health
|b fourth item on the agenda
|
| 250 |
|
|
|a 1st publ.
|
| 260 |
|
|
|a Geneva
|b International Labour Office
|c 2004
|
| 300 |
|
|
|a iv, 57 s.
|c 30 cm
|
| 490 |
1 |
|
|a Report / International Labour Conference, 93rd Session 2005
|x 0074-6681
|v 4 (1)
|
| 610 |
2 |
7 |
|a Medzinárodná organizácia práce
|2 SNKKA
|9 18131
|
| 650 |
0 |
7 |
|a bezpečnosť práce
|2 SNKPH
|9 1296
|
| 650 |
0 |
7 |
|a hygiena práce
|2 SNKPH
|9 1298
|
| 655 |
|
7 |
|a správy
|2 SNKPH
|9 70563
|
| 811 |
2 |
|
|a Medzinárodná konferencia práce
|n (93. :
|d 2005 :
|c Ženeva, Švajčiarsko)
|t Report
|9 113339
|
| 919 |
|
|
|a 92-2-115366-5
|
| 999 |
|
|
|c 732413
|d 734343
|
| 952 |
|
|
|t P60, <04>, [BOOK], {604}, -A-
|a SNK
|b SNK
|y VYP
|7 0
|p 17A0457441
|o snkIB 70817
|i snk2005/1909
|8 2
|g 17.36
|0 0
|1 0
|4 0
|d 2004-10-28
|l 0
|r 2005-01-02 00:00:00
|w 2026-02-23
|